WWE Smackdown - 2000: Wrestlers by Year - Statistics

General Stats
  • This quiz has been taken 126 times
  • The average score is 50 of 78
Answer Stats
Date of First Match Wrestler % Correct
January 6 The Rock
95%
January 6 Triple H
95%
January 6 Kane
91%
January 6 Edge
90%
January 6 Bubba Ray Dudley
89%
January 6 D-Von Dudley
89%
May 25 The Undertaker
89%
February 3 Chris Benoit
88%
January 6 Christian
88%
February 3 Eddie Guerrero
87%
November 9 Stone Cold Steve Austin
87%
January 6 The Big Show
87%
January 6 X-Pac
85%
January 6 Jeff Hardy
84%
January 6 Kurt Angle
84%
January 13 Matt Hardy
84%
January 6 Road Dogg
84%
March 30 Stephanie McMahon-Helmsley
84%
June 22 Trish Stratus
84%
May 18 Shane McMahon
83%
June 22 Vince McMahon
83%
January 6 Billy Gunn
82%
February 10 Cactus Jack
82%
January 6 Chris Jericho
82%
March 23 Lita
82%
January 6 Chyna
81%
January 6 Rikishi
81%
January 6 Hardcore Holly
80%
January 6 Crash Holly
79%
November 23 Molly Holly
78%
January 6 Test
77%
January 6 Bradshaw
72%
January 6 Faarooq
72%
February 3 Perry Saturn
71%
February 10 Val Venis
71%
February 3 Dean Malenko
70%
January 13 D'Lo Brown
69%
January 13 Scotty 2 Hotty
68%
January 13 The Godfather
68%
February 17 Mark Henry
67%
January 13 Prince Albert
67%
January 13 Grandmaster Sexay
66%
January 20 Viscera
66%
January 6 Al Snow
65%
January 27 Tazz
65%
January 6 The Big Boss Man
64%
March 9 Ivory
61%
January 13 Gangrel
59%
January 6 Funaki
55%
February 3 Jacqueline
55%
January 13 Steve Blackman
53%
March 23 Bull Buchanan
52%
January 6 Taka Michinoku
52%
April 13 The Kat
51%
July 6 Chaz
50%
January 13 Mosh
50%
September 28 Steven Richards
50%
October 19 William Regal
50%
September 28 Raven
49%
January 20 The British Bulldog
48%
June 22 Jerry Lawler
47%
April 13 Terri
47%
January 13 Thrasher
46%
January 6 Pete Gas
45%
January 6 Rodney
44%
January 6 Joey Abs
43%
April 13 Mae Young
43%
May 18 Gerald Brisco
41%
April 13 The Fabulous Moolah
40%
March 2 Essa Rios
39%
November 16 K-Kwik
32%
February 10 Luna Vachon
26%
November 30 Tiger Ali Singh
24%
May 4 Earl Hebner
16%
February 3 Hervina
16%
March 16 Bob Backlund
15%
July 6 The Brooklyn Brawler
15%
March 2 Sgt. Slaughter
13%
No matching quizzes found
Score Distribution
Percent of People with Each Score
Percentile by Number Answered
Your Score History
You have not taken this quiz